| 000 | 00825cab a2200241 4500 | ||
|---|---|---|---|
| 001 | ABS51345 | ||
| 008 | 090401t1994 xxu||||| |||| 00| 0 eng d | ||
| 035 | _a(Sirsi) u22785 | ||
| 041 | _aeng | ||
| 100 | _aKnowles, R. | ||
| 245 | _aRough justice for the subcontractor? | ||
| 260 | _c1994 | ||
| 350 | _a0 | ||
| 490 |
_aCSM (Chartered Surveyor Monthly) _v3(11) September 1994 44(1) |
||
| 520 | _aDiscusses "Erith Contractors Ltd v Costain Civil Engineering" 1993 concerning interpretation of arbitration clauses in the FCEC blue form of subcontract and the position of the subcontractor. | ||
| 650 | _aARBITRATION CLAUSES | ||
| 650 | _aFCEC FORM OF SUBCONTRACT | ||
| 650 | _aSUBCONTRACTORS | ||
| 650 | _aSUBCONTRACTS | ||
| 690 | _aBUILT ENVIRONMENT-BUILDING CONTRACT FORMS | ||
| 942 | _n0 | ||
| 948 | _c04/03/1997 | ||
| 999 |
_c15276 _d15276 |
||